High temporal resolution Nanopore sequencing dataset of SARS-CoV-2 and host cell RNAs

Elmentve itt :
Bibliográfiai részletek
Szerzők: Tombácz Dóra
Dörmő Ákos
Gulyás Gábor
Csabai Zsolt
Prazsák István
Kakuk Balázs
Harangozó Ákos
Jankovics István
Dénes Béla
Boldogkői Zsolt
Dokumentumtípus: Cikk
Megjelent: 2022
Sorozat:GIGASCIENCE 11
Tárgyszavak:
doi:10.1093/gigascience/giac094

mtmt:33156471
Online Access:http://publicatio.bibl.u-szeged.hu/25331
LEADER 01021nab a2200313 i 4500
001 publ25331
005 20221018084755.0
008 221018s2022 hu o 0|| Angol d
022 |a 2047-217X 
024 7 |a 10.1093/gigascience/giac094  |2 doi 
024 7 |a 33156471  |2 mtmt 
040 |a SZTE Publicatio Repozitórium  |b hun 
041 |a Angol 
100 1 |a Tombácz Dóra 
245 1 0 |a High temporal resolution Nanopore sequencing dataset of SARS-CoV-2 and host cell RNAs  |h [elektronikus dokumentum] /  |c  Tombácz Dóra 
260 |c 2022 
300 |a 11 
490 0 |a GIGASCIENCE  |v 11 
650 4 |a Biológiai tudományok 
700 0 1 |a Dörmő Ákos  |e aut 
700 0 1 |a Gulyás Gábor  |e aut 
700 0 1 |a Csabai Zsolt  |e aut 
700 0 1 |a Prazsák István  |e aut 
700 0 1 |a Kakuk Balázs  |e aut 
700 0 1 |a Harangozó Ákos  |e aut 
700 0 1 |a Jankovics István  |e aut 
700 0 1 |a Dénes Béla  |e aut 
700 0 1 |a Boldogkői Zsolt  |e aut 
856 4 0 |u http://publicatio.bibl.u-szeged.hu/25331/1/giac094.pdf  |z Dokumentum-elérés